[Event "Casma U2100 2nd"]
[Site "Casma"]
[Date "2017.02.05"]
[Round "7.7"]
[White "Barrera Ricra, Victor Hugo"]
[Black "Flores Arroyo, Luis"]
[Result "0-1"]
[WhiteElo "1757"]
[BlackElo "2074"]
[PlyCount "98"]
[EventDate "2017.02.03"]
[EventType "swiss"]
[EventRounds "7"]
[EventCountry "PER"]
[SourceTitle "EXT 2024"]
[Source "ChessBase"]
[SourceDate "2023.10.10"]
[SourceVersion "1"]
[SourceVersionDate "2023.10.10"]
[SourceQuality "1"]

1. d4 d5 2. Nf3 e6 3. Bf4 Nf6 4. e3 Be7 5. Bd3 0-0 6. Nbd2 c5 7. c3 Nc6 8. a4 b6 9. Ne5 Bb7 10. Nxc6 Bxc6 11. 0-0 a6 12. Nf3 c4 13. Ne5 Rc8 14. Bb1 Nd7 15. Nxc6 Rxc6 16. e4 Re8 17. Qc2 Nf8 18. e5 b5 19. Re1 b4 20. Re3 bxc3 21. bxc3 Qb6 22. h4 Rb8 23. g3 Qb2 24. Qxb2 Rxb2 25. Re1 Rcb6 26. Kf1 R6b3 27. Rc1 Bd8 28. Ke1 Ba5 29. Bd2 Nd7 30. Bc2 Bxc3 31. Bxh7+ Kxh7 32. Bxc3 Rxc3 33. Rxc3 Nb8 34. Rcc1 Nc6 35. Rcb1 Rc2 36. Rb6 Nxd4 37. f4 c3 38. Ra3 Nf3+ 39. Kd1 Rd2+ 40. Kc1 d4 41. Rxa6 Ne1 42. Rc6 Nd3+ 43. Kb1 Rb2+ 44. Ka1 Nb4 45. Rcxc3 dxc3 46. Rxc3 Ra2+ 47. Kb1 Rxa4 48. Kb2 Nd5 49. Rd3 g6 0-1

[Event "Casma U2100 2nd"]
[Site "Casma"]
[Date "2017.02.03"]
[Round "2.5"]
[White "Flores Arroyo, Luis"]
[Black "Soriano Quispe, Ivan Excender"]
[Result "1-0"]
[WhiteElo "2074"]
[BlackElo "1814"]
[PlyCount "39"]
[EventDate "2017.02.03"]
[EventType "swiss"]
[EventRounds "7"]
[EventCountry "PER"]
[SourceTitle "EXT 2024"]
[Source "ChessBase"]
[SourceDate "2023.10.10"]
[SourceVersion "1"]
[SourceVersionDate "2023.10.10"]
[SourceQuality "1"]

1. e4 e6 2. d4 d5 3. Nc3 Nf6 4. Bg5 Be7 5. e5 Nfd7 6. h4 h6 7. Bxe7 Qxe7 8. Qg4 0-0 9. f4 c5 10. Nf3 Nc6 11. 0-0-0 f6 12. Bd3 fxe5 13. dxe5 c4 14. Bg6 Nc5 15. Nb5 Rb8 16. Rh3 a6 17. Nd6 b5 18. Rg3 b4 19. Ng5 Nd8 20. Ngf7 1-0

[Event "Sullana Norte op"]
[Site "Sullana"]
[Date "2015.03.20"]
[Round "2"]
[White "Sullon Morales, Manuel"]
[Black "Flores Arroyo, Luis"]
[Result "1/2-1/2"]
[WhiteElo "1772"]
[BlackElo "2114"]
[PlyCount "39"]
[EventDate "2015.03.20"]
[EventType "swiss"]
[EventRounds "6"]
[EventCountry "PER"]
[SourceTitle "CBM 165 Extra"]
[Source "ChessBase"]
[SourceDate "2015.04.21"]
[SourceVersion "1"]
[SourceVersionDate "2015.04.21"]
[SourceQuality "1"]

1. d4 d5 2. Nf3 Nf6 3. c4 e6 4. Nc3 c5 5. Bg5 cxd4 6. Bxf6 Qxf6 7. Qxd4 dxc4 8. Qxc4 Nc6 9. e3 Bb4 10. Be2 Bd7 11. 0-0 Bxc3 12. bxc3 0-0 13. Rac1 Rfc8 14. Rfd1 Be8 15. Nd4 Qe7 16. Qd3 Rd8 17. Qb1 e5 18. Nf5 Qf6 19. e4 b6 20. Bb5 1/2-1/2

[Event "Lima GP IRT op"]
[Site "Lima"]
[Date "2013.??.??"]
[Round "5"]
[White "Felix Vega, Aurora Edith"]
[Black "Flores Arroyo, Luis"]
[Result "1/2-1/2"]
[WhiteElo "2013"]
[BlackElo "2132"]
[PlyCount "55"]
[EventDate "2013.08.21"]
[EventType "swiss"]
[EventRounds "9"]
[EventCountry "PER"]
[SourceTitle "CBM 156 Extra"]
[Source "ChessBase"]
[SourceDate "2013.10.22"]
[SourceVersion "1"]
[SourceVersionDate "2013.10.22"]
[SourceQuality "1"]

1. e4 e5 2. Nf3 Nc6 3. Bb5 a6 4. Ba4 d6 5. h3 Bd7 6. c3 Nf6 7. Bc2 Be7 8. 0-0 0-0 9. Re1 Re8 10. d4 h6 11. Nbd2 Bf8 12. Nf1 g6 13. dxe5 dxe5 14. Be3 Be6 15. Qe2 Nh5 16. Ba4 b5 17. Bb3 Qf6 18. N1d2 Nf4 19. Bxf4 Qxf4 20. Bxe6 Rxe6 21. a4 Rb8 22. axb5 axb5 23. g3 Qf6 24. Nf1 Rd6 25. Ne3 Qe6 26. g4 Ne7 27. Qc2 Nc8 28. b3 1/2-1/2

[Event "Piura op"]
[Site "Piura"]
[Date "2013.??.??"]
[Round "1"]
[White "Romero Dongo, Maria Jose"]
[Black "Flores Arroyo, Luis"]
[Result "0-1"]
[WhiteElo "1393"]
[BlackElo "2132"]
[PlyCount "70"]
[EventDate "2013.08.12"]
[EventType "swiss"]
[EventRounds "8"]
[EventCountry "PER"]
[SourceTitle "CBM 155 Extra"]
[Source "ChessBase"]
[SourceDate "2013.08.26"]
[SourceVersion "1"]
[SourceVersionDate "2013.08.26"]
[SourceQuality "1"]

1. e4 e5 2. Nf3 Nc6 3. Bb5 a6 4. Bxc6 dxc6 5. d3 f6 6. Bd2 Ne7 7. Nc3 Ng6 8. 0-0 Bd6 9. a3 0-0 10. Re1 Re8 11. Rb1 c5 12. b4 cxb4 13. axb4 Nf8 14. Be3 Bg4 15. h3 Bh5 16. Qe2 Ne6 17. b5 axb5 18. Nxb5 Bf8 19. d4 exd4 20. Bxd4 Bxf3 21. gxf3 Nxd4 22. Qc4+ Ne6 23. Red1 Qe7 24. f4 Kh8 25. f5 Nc5 26. f3 Rad8 27. Rxd8 Rxd8 28. Nc3 c6 29. Na4 b5 30. Qxc5 Qxc5+ 31. Nxc5 Bxc5+ 32. Kf1 Rd2 33. c3 Rh2 34. Ra1 Rh1+ 35. Ke2 Rxa1 0-1

[Event "Sullana Binacional op"]
[Site "Sullana"]
[Date "2012.05.05"]
[Round "5"]
[White "Flores Arroyo, Luis"]
[Black "Pinargote Carreno, Kassandra"]
[Result "0-1"]
[WhiteElo "2130"]
[BlackElo "1931"]
[PlyCount "56"]
[EventDate "2012.05.04"]
[EventType "swiss"]
[EventRounds "7"]
[EventCountry "PER"]
[SourceTitle "EXT 2013"]
[Source "ChessBase"]
[SourceDate "2012.11.22"]
[SourceVersion "1"]
[SourceVersionDate "2012.11.22"]
[SourceQuality "1"]

1. e4 d5 2. exd5 Qxd5 3. Nc3 Qd6 4. d4 a6 5. Bc4 Nf6 6. Nge2 Qc6 7. Qd3 Qxg2 8. Rg1 Qc6 9. Bf4 Nbd7 10. 0-0-0 Nb6 11. Bb3 e6 12. Be5 Bd7 13. d5 Nbxd5 14. Nxd5 exd5 15. Nd4 Qb6 16. c4 0-0-0 17. cxd5 Bd6 18. Bxf6 Bf4+ 19. Kb1 Qxf6 20. h4 Be5 21. Bc2 g6 22. Qc4 Bxd4 23. Rxd4 Bb5 24. Qc3 Qxf2 25. Rc1 Qh2 26. d6 Bc6 27. Ka1 Rhe8 28. Ba4 Rxd6 0-1

[Event "PER Grand Prix 1st"]
[Site "Lima"]
[Date "2004.??.??"]
[Round "4"]
[White "Flores Arroyo, Luis"]
[Black "Sierra, Miguel"]
[Result "0-1"]
[WhiteElo "2101"]
[BlackElo "2300"]
[PlyCount "64"]
[EventDate "2004.04.12"]
[EventType "swiss"]
[EventRounds "9"]
[EventCountry "PER"]
[SourceTitle "EXT 2005"]
[Source "ChessBase"]
[SourceDate "2004.11.15"]
[SourceVersion "1"]
[SourceVersionDate "2004.11.15"]
[SourceQuality "1"]

1. c4 e5 2. Nc3 Nf6 3. g3 Bc5 4. Bg2 0-0 5. d3 h6 6. Nf3 d6 7. a3 a5 8. Rb1 Nc6 9. 0-0 Re8 10. Nd5 Nxd5 11. cxd5 Ne7 12. b4 axb4 13. axb4 Bb6 14. Nd2 Bf5 15. Nc4 Ba7 16. b5 Bd4 17. e3 Bc5 18. e4 Bd7 19. Be3 Bxe3 20. fxe3 b6 21. Rf2 Ng6 22. h4 Re7 23. Kh2 Qe8 24. Qb3 Nf8 25. Bh3 Bxh3 26. Kxh3 Nd7 27. Qd1 Nc5 28. Rb4 Qd7+ 29. Kg2 Ree8 30. Qe2 Ra1 31. Nd2 Ra2 32. Qf1 Ra3 0-1

[Event "Peru Norte-ch"]
[Site "Peru"]
[Date "2002.07.04"]
[Round "6.7"]
[White "Zapata, Karen"]
[Black "Flores Arroyo, Luis"]
[Result "1-0"]
[WhiteElo "2023"]
[BlackElo "2139"]
[PlyCount "75"]
[EventDate "2002.07.02"]
[EventType "swiss"]
[EventRounds "9"]
[EventCountry "PER"]
[SourceTitle "EXT 2003"]
[Source "ChessBase"]
[SourceDate "2002.11.25"]
[SourceVersion "1"]
[SourceVersionDate "2002.11.25"]
[SourceQuality "1"]

1. d4 d5 2. g3 Nf6 3. Bg2 c6 4. Nf3 Bf5 5. Nbd2 e6 6. Ne5 Nbd7 7. Ndf3 h6 8. 0-0 Bd6 9. c4 0-0 10. Nxd7 Qxd7 11. c5 Bc7 12. Qb3 b6 13. cxb6 axb6 14. Bd2 c5 15. a4 c4 16. Qb5 Qxb5 17. axb5 Bd6 18. Ne5 Bxe5 19. dxe5 Nd7 20. Bb4 Rfc8 21. f4 Bc2 22. Ra6 Rxa6 23. bxa6 Ra8 24. Ra1 Nb8 25. a7 Nc6 26. Ra6 Nxb4 27. Rxb6 Rxa7 28. Rxb4 Bb3 29. f5 d4 30. Rb8+ Kh7 31. fxe6 fxe6 32. Rd8 c3 33. bxc3 dxc3 34. Be4+ g6 35. Rc8 c2 36. Kf2 Ra1 37. Bxc2 Rc1 38. Bxg6+ 1-0